Načítá se...

Best of house plants /

Podrobná bibliografie
Hlavní autor: Mitchell, Susanne
Médium: Printed Book
Jazyk:English
Vydáno: London : Hamlyn, 1976.
LEADER 00472nam a2200145Ia 4500
008 150624b xxu||||| |||| 00| 0 eng d
020 |a 0600313689 
082 |a 635.965 
100 |a Mitchell, Susanne 
245 |a Best of house plants /  |c Susanne Mitchell 
260 |a London :  |b Hamlyn,  |c 1976. 
300 |a 122 p. 
942 |c REF 
999 |c 26628  |d 26628 
952 |0 0  |1 0  |2 ddc  |4 0  |6 635_965000000000000_MIT_B_R  |7 0  |9 26627  |a UL  |b UL  |c Ref2  |d 1998-09-01  |l 0  |o 635.965 MIT/B R  |p 38040  |r 2012-10-27  |y REF